Statistics for Countries By Population and HDI

Click here to take the quiz!

General Stats

  • This quiz has been taken 70 times
  • The average score is 18 of 20

Answer Stats

SumCountry% Correct
43France
100%
20Germany
100%
55Australia
98%
48Canada
98%
28Japan
98%
13United States
98%
57Spain
97%
37United Kingdom
97%
49Italy
95%
45South Korea
93%
91China
92%
68Netherlands
90%
97Sweden
88%
76Argentina
86%
58Russia
86%
71Poland
81%
100Switzerland
80%
100Belgium
78%
101Chile
78%
79Saudi Arabia
73%

Score Distribution

Percentile by Number Answered

Percent of People with Each Score

Your Score History

You have not taken this quiz